| 000 | 00712cam a2200241 i 4500 | ||
|---|---|---|---|
| 001 | 19281284 | ||
| 005 | 20250206054018.0 | ||
| 008 | 160921s2015 ce b 000 0 eng | ||
| 020 | _a9789558695081 | ||
| 040 |
_aDLC _beng _erda _cDLC _dDLC |
||
| 082 |
_26918 _a305.4 _bWIJ |
||
| 100 | 1 | _aWijewardene, S | |
| 100 | 1 | _aSamuel, K | |
| 245 | 1 | 0 |
_a3D Things: _bDevices, Technologies, and Women's Organising in Sri Lanka |
| 260 |
_aBatticaloa _bSuriya Women's Development Centre (SWDC) _c2015 |
||
| 260 |
_aColombo _bInternational Centre for Ethnic Studies _c2015 |
||
| 300 | _av, 160 p., | ||
| 650 | 0 | _aWomen | |
| 650 | 0 | _aWomen in development | |
| 650 | 0 | _aTechnology | |
| 650 | 0 | _aWomen's rights | |
| 942 | _cL | ||
| 999 |
_c5975 _d5975 |
||